000 00989cam a22003014a 4500
005 20260322212058.0
008 data
010 _a 00112065
020 _a0764552961
020 _a9780764552960
040 _aDLC
_cDLC
_dDLC
042 _apcc
050 0 0 _aBS475.3
_b.G46 2003
082 0 0 _a220.6/1
_221
092 _a220.6 G46 2003
100 1 _aGeoghegan, Jeffrey C.
245 1 4 _aThe Bible for dummies /
_cJeffrey C. Geoghegan & Michael M. Homan.
260 _aNew York :
_bWiley Pub.,
_cc2003.
300 _axx, 408 p. :
_bill. ;
_c24 cm.
440 0 _a--For dummies
500 _aIncludes index.
630 0 0 _aBible
_vIntroductions.
700 1 _aHoman, Michael M.
856 4 2 _3Contributor biographical information
_uhttp://www.loc.gov/catdir/bios/wiley045/00112065.html
856 4 2 _3Publisher description
_uhttp://www.loc.gov/catdir/description/wiley039/00112065.html
856 4 1 _3Table of contents
_uhttp://www.loc.gov/catdir/toc/wiley031/00112065.html
001 data
999 _c1376
_d1376